00826nam a2200241 a 450000100060000000300080000600500170001400800410003103500190007204000270009104100080011808200250012610000440015124501780019526000360037330000320040935000100044149000270045150000190047865000180049765000420051583000270055772810BD-RjUL20211209082319.0170523s1965 nyua b 001 0 eng  a(BD-RjUL)73028 aDLCcDLCdBD-RjULbeng aeng00a578.09223bDAB 19651 aDarlington, Philip Jackson,d1904-1983.10aBiogeography of the southern end of the world :bdistribution and history of far-southern life and land, with an assessment of continental drift /cPhilip J. Darlington, Jr. aNew York :bMcGraw-Hill,c1965. ax, 236 p. :bill. ;c21 cm. a$2.950 aMcGraw-Hill paperbacks aIncludes index 0aBiogeography. 0aNatural historyzSouthern Hemisphere. aMcGraw-Hill paperbacks